Science Word Chain - Statistics

General Stats
  • This quiz has been taken 93 times
  • The average score is 5 of 15
Answer Stats
Hint Answer % Correct
First Element of the periodic table. Hydrogen
99%
The SI unit of force. Newton
91%
Word following: Light, heat, mechanical, gravitational potential, electrical, sound, chemical, kinetic. Energy
78%
The _____ magnetic pole is a point on the surface of Earth's _____ern Hemisphere at which the planet's magnetic field points vertically downward (in other words, if a magnetic compass needle is allowed to rotate in three dimensions, it will point straight down). North
68%
Any closed path in a circuit. Loop
27%
A propagating dynamic disturbance of one or more quantities Wave
26%
V=IR Ohm's Law
21%
Yttrium(III) oxide (_2_3) YO
21%
This person's law states that the extension of a spring is proportional to the tension stretching it. Doubling of the tension results in the doubling of the amount of stretch. Hooke
19%
The theory describing three of the four known fundamental forces in the universe, as well as classifying all known elementary particles. Standard Model
17%
Certain partial differential equations which describe the motion of viscous fluid substances. Navier–Stokes
13%
A pressure change at any point in a confined incompressible fluid is transmitted throughout the fluid such that the same change occurs everywhere. Pascal's Law
9%
Enables the calculation of the change in the dimension of a bar made of an isotropic elastic material under tensile or compressive loads. Young's Modulus
9%
Measured by the Pauling Scale Electronegativity
8%
Who's Law states that the total energy radiated from a black body is equal to the fourth power of its absolute temperature. Stefan
6%
No matching quizzes found
Score Distribution
Percent of People with Each Score
Percentile by Number Answered
Your Score History
You have not taken this quiz